Hướng dẫn Thiết kế - Lắp đặt mạng điện trung tâm thương mại
Hướng dẫn lần lượt, cụ thể sơ đồ một tầng, hệ thống điện cung cấp, sơ đồ các mạch nhánh, hệ thống chiếu sáng, lựa chọn loại vật tư kích cỡ dây điện, ống luồn dây, các linh kiện bảo vệ, điện thoại, chiếu sáng, các hệ thống đi...
Guardado en:
| Autor principal: | |
|---|---|
| Formato: | Libro |
| Lenguaje: | Undetermined |
| Publicado: |
Đà Nẵng
Nxb. Đà Nẵng
2008
|
| Materias: | |
| Etiquetas: |
Agregar Etiqueta
Sin Etiquetas, Sea el primero en etiquetar este registro!
|
| Thư viện lưu trữ: | Trung tâm Học liệu Trường Đại học Cần Thơ |
|---|
| LEADER | 01296nam a2200217Ia 4500 | ||
|---|---|---|---|
| 001 | CTU_196550 | ||
| 008 | 210402s9999 xx 000 0 und d | ||
| 020 | |c 42000 | ||
| 082 | |a 621.319 | ||
| 082 | |b S105 | ||
| 100 | |a Trần, Thế San | ||
| 245 | 0 | |a Hướng dẫn Thiết kế - Lắp đặt mạng điện trung tâm thương mại | |
| 245 | 0 | |c Trần Thế San, Nguyễn Trọng Thắng | |
| 260 | |a Đà Nẵng | ||
| 260 | |b Nxb. Đà Nẵng | ||
| 260 | |c 2008 | ||
| 520 | |a Hướng dẫn lần lượt, cụ thể sơ đồ một tầng, hệ thống điện cung cấp, sơ đồ các mạch nhánh, hệ thống chiếu sáng, lựa chọn loại vật tư kích cỡ dây điện, ống luồn dây, các linh kiện bảo vệ, điện thoại, chiếu sáng, các hệ thống điện dự phòng, kiểm tra và xử lí sự cố, phòng chống cháy nổ... trong thiết kế lắp đặt mạng điện trung tâm thương mại | ||
| 650 | |a Electric power systems,Hệ thống năng lượng điện | ||
| 650 | |x Management,Quản lý | ||
| 904 | |i Hải | ||
| 980 | |a Trung tâm Học liệu Trường Đại học Cần Thơ | ||